| 000 -LEADER |
| fixed length control field |
01202nam a22002057a 4500 |
| 005 - DATE AND TIME OF LATEST TRANSACTION |
| control field |
20260124093309.0 |
| 008 - FIXED-LENGTH DATA ELEMENTS--GENERAL INFORMATION |
| fixed length control field |
230713b ||||| |||| 00| 0 eng d |
| 040 ## - CATALOGING SOURCE |
| Transcribing agency |
SSBUL |
| Modifying agency |
SSBUL |
| 082 ## - DEWEY DECIMAL CLASSIFICATION NUMBER |
| Edition number |
23 |
| Classification number |
၃၉၈.၂၀၉၉၅၈ အောင် ၁၆၀၃၁ (S-SAT) |
| 100 ## - MAIN ENTRY--PERSONAL NAME |
| Personal name |
အောင်သိန်း၊ |
| Titles and words associated with a name |
ဆင်ဖြူကျွန်း။ |
| 9 (RLIN) |
14537 |
| 245 ## - TITLE STATEMENT |
| Title |
ရိုးရာပုံပြင်စာပေ စာတမ်းများ(ဒု) / |
| Statement of responsibility, etc. |
ဆင်ဖြူကျွန်းအောင်သိန်းနှင့် ဦးမင်းနိုင်။ |
| 260 ## - PUBLICATION, DISTRIBUTION, ETC. |
| Place of publication, distribution, etc. |
ရန်ကုန်၊ |
| Name of publisher, distributor, etc. |
စာပေဗိမာန်၊ |
| Date of publication, distribution, etc. |
၁၉၈၉။ |
| 300 ## - PHYSICAL DESCRIPTION |
| Extent |
၂၄၅ စာမျက်နှာ၊ |
| Dimensions |
၂၁ စင်တီ။ |
| 440 ## - SERIES STATEMENT/ADDED ENTRY--TITLE |
| Title |
စာပေဗိမာန်ထုတ်ပြည်သူ့လက်စွဲစာစဉ်။ |
| 9 (RLIN) |
27757 |
| 500 ## - GENERAL NOTE |
| General note |
S-SAT: Dr. Prof Sai Aung Tun |
| 650 ## - SUBJECT ADDED ENTRY--TOPICAL TERM |
| Topical term or geographic name entry element |
မြန်မာ |
| Form subdivision |
ရိုးရာပုံပြင်။ |
| 9 (RLIN) |
27882 |
|
| Topical term or geographic name entry element |
ရိုးရာပုံပြင် |
| Geographic subdivision |
မြန်မာနိုင်ငံ။ |
| 9 (RLIN) |
12018 |
|
| Topical term or geographic name entry element |
ရိုးရာစာပေ။ |
| 9 (RLIN) |
27883 |
| 942 ## - ADDED ENTRY ELEMENTS (KOHA) |
| Source of classification or shelving scheme |
|
| Koha item type |
Book (Short term) |